Films Disney à partir d'images de châteaux - Statistiques

Statistiques générales
  • Ce quiz a été pris 2 762 fois
  • Le résultat moyen est 10 sur 18
Statistiques - réponses
Par images Réponse % Correct
Aladdin
99%
La Reine des Neiges
96%
Mulan
90%
La Petite Sirène
79%
Raiponce
64%
Kuzco, l'empereur mégalo
62%
Blanche Neige et les Sept Nains
60%
Alice au pays des merveilles
55%
Hercule
54%
La Belle au bois dormant
54%
Le Livre de la jungle
53%
Cendrillon
52%
Rebelle
43%
La Belle et la Bête
42%
Robin des Bois
28%
Merlin l'Enchanteur
20%
Taram et le Chaudron magique
15%
Wish - Asha et la Bonne Étoile
12%
Aucun quiz correspondant
Distribution des résultats
% des personnes avec chaque résultat
Percentile par nombre de réponses
Votre historique - résultats
Vous n’avez pas pris ce quiz